000 00869nam a2200265 a 4500
003 DO-SdBNP
005 20230912093826.0
006 a||||fr|||| 00| 0
007 ta
008 230620e2022 |||a|||| |||| 00| 0 spa d
020 _a9789945180688
040 _aDO-SdBNP
_bspa
_cBNPHU
_erda
082 4 _222
_bL191r
245 1 0 _aRuta para tu libertad financiera: ser, hacer y tener. /
_cBianca Lajara Báez; prólogo, Nieves López Gómez
264 _aSanto Domingo :
_b[sin edición],
_c2022
300 _a194 páginas :
_bilustraciones ;
_c23 cm.
336 _2rdaconten
_atexto
_btxt
337 _2rdamedia
_asin medición
_bn
338 _2rdacarrier
_avolumen
_bnc
500 _aincluye datos biográficos del autor.
504 _aBibliografía: 98
590 _aInventariado 2023 / MF
700 1 _aLópez Gómez, Nieves,
_983562
_eprólogo
942 _2ddc
_cLBS1
999 _c53866
_d53866